Luv Resval - Quel est le son ? #1 - Statistiques

Statistiques générales
  • Ce quiz a été pris 100 fois
  • Le résultat moyen est 11 sur 36
Statistiques - réponses
Hint Réponse % Correct
Plus d'différence quand j'remonte ou bien quand j'atterris MPC
78%
Fais-le pour le tit-pe qui rêve de partir en cances-va Tout s'en va
78%
À c'qu'il parait, toi, t'es mature, bitch, essaie de m'arrêter si c'est pas dur Célébration (feat. Alkpote)
51%
Et j'me sens mal, avant l'paradis, tu peux cramer ton tél', y a pas d'opérateur Crystal Lake (feat. Freeze Corleone)
51%
J'crois que t'as pas compris que tes vœux ne s'ront pas accomplis Hyrule
51%
Billets d'cent dans le cerveau, j'pense au bûcher à chaque moment Caramelo
45%
Un carnier comme Napoléon, mes hommes m'appellent le colonel Hadès (feat. Lujipeka)
43%
Et mon couplet est paranormal, gun de Lara Croft Athéna (feat. Dinos)
40%
Tu commandes la mort, on l'apporte, R-E-S, ramène l'instrumentale, qu'on la torde Les Borgia
40%
Parle de respect à d'autres, on dépêche les radeaux MPC Part II (La rivière)
37%
Aristote, j'étudie dans les livres anciens, fais des rimes en âge, fais des rimes en bien BIG Brother
36%
J'arrive tout seul et je découpe toute l'armée sans exception Jeune Vador
36%
Elle a sucé dans les waters, ah ouais ? Dégage cette pute de mes affaires 696
35%
Pour le braquo, j'ai l'feu et l'essence, le soir raconte la mort avec élégance Flûte de pan
34%
La lame d'Anakin pour t'écorcher le front Ballade nocturne III
31%
J’m'échappe jamais le Gucci s'détache de l'écharpe AZNVR (une minute de musique)
30%
Balle de Uzi dans ton corps, deux minutes après, t'es mort Mariah (feat. Alkpote)
30%
Cheval noir, sur la tête de ma mère qu'on les chope Armageddon
29%
Elle gémit, son chéri l'entend, on va chasser le jelly ensemble Chemin vers le ciel
29%
Pousse la bouteille, que l'absinthe sorte Souvenir
29%
Comme en 1900, sur les plages, on débarque comme les Alliés Luv de Vinci
25%
J'me demande si c'est la vie ou bien l'ADN de la genèse Souvenir lointain
25%
Qu'est-ce que j'en sais ? J'écris des rimes Les anges
24%
Cette femme elle croit qu'j'suis happy mais demain c'est plus ma racli France GALL
23%
Mélange potion magique comme un druide Wallachia
22%
Chaque jour, faut niquer la mairie, mon sirop provient d'Amérique, j'veux du cash comme Katy Perry Judas
20%
La guerre comme à Sarajevo, d'la coca', des plaquettes et du caramelo Sonic (feat. Caballero & JeanJass)
20%
J'suis chef de la secte, la concu', j'les écrase comme des insectes Smith & Wesson
19%
Toujours pertinentes sont mes conversations, j'ai l'œil du faucon, l'œil de l'observation Side
18%
Toujours dans le binks, gros, j'fume un doobie, négro, ma tête tourne comme une toupie Thor (feat. Diddi Trix)
18%
L'histoire d'une fleur qui perdra ses pétales, c'est celle de maman qui perd un enfant Un Viano à Venise
17%
Fais attention, y a ta sœur qui m'écoute La princesse et le crapaud
14%
Tempête, on va dedans mais en sachant qu'on va souffrir J'ai fait un rêve
13%
J'observe comme Pablito, j'les mange comme Palmito Rockstar (feat. Alkpote)
10%
Jeune robot conditionné, vers le ciel, on est positionnés Real Racks (feat. Alkpote)
6%
Comme à un mur, on parle dans l'vide, rigole tous, vachement triste Issue de secours (feat. Georgio)
5%
Aucun quiz correspondant
Distribution des résultats
% des personnes avec chaque résultat
Percentile par nombre de réponses
Votre historique - résultats
Vous n’avez pas pris ce quiz